| 000 -LEADER |
| fixed length control field |
00823cam a22002057a 4500 |
| 020 ## - INTERNATIONAL STANDARD BOOK NUMBER |
| ISBN |
9789251066621 |
| 020 ## - INTERNATIONAL STANDARD BOOK NUMBER |
| ISBN |
9251066620 |
| 040 ## - CATALOGING SOURCE |
| Transcribing agency |
BTCTA |
| 082 ## - DEWEY DECIMAL CLASSIFICATION NUMBER |
| Classification number |
664 FOO 2010 A091 Or. |
| 110 2# - MAIN ENTRY--CORPORATE NAME |
| Corporate name or jurisdiction name as entry element |
Joint FAO/WHO Expert Committee on Food Additives. |
| 245 10 - TITLE STATEMENT |
| Title |
Compendium of food additive specifications : |
| Remainder of title |
Joint FAO/WHO Expert Committee on Food Additives, 73rd Meeting 2010. |
| 260 ## - PUBLICATION, DISTRIBUTION, ETC. (IMPRINT) |
| Place of publication |
Rome : |
| Name of publisher |
Food and Agriculture Organization of the United Nations, |
| Year of publication |
2010. |
| 300 ## - PHYSICAL DESCRIPTION |
| Number of Pages |
ix, 151 p. : |
| Other physical details |
ill. ; |
| Dimensions |
30 cm. |
| 490 1# - SERIES STATEMENT |
| Series statement |
FAO JECFA monographs, |
| 500 ## - GENERAL NOTE |
| General note |
"Joint FAO/WHO Expert Committee on Food Additives, 73rd Meeting, Geneva, 8-17, June, 2009."--P. vii. |
| 650 #0 - SUBJECT ADDED ENTRY--TOPICAL TERM |
| Topical Term |
Food additives |
| 710 2# - ADDED ENTRY--CORPORATE NAME |
| Corporate name or jurisdiction name as entry element |
Food and Agriculture Organization of the United Nations. |
| 710 2# - ADDED ENTRY--CORPORATE NAME |
| Corporate name or jurisdiction name as entry element |
World Health Organization. |
| 942 ## - ADDED ENTRY ELEMENTS (KOHA) |
| Koha item type |
សៀវភៅភាសាអង់គ្លេស |
| 952 ## - LOCATION AND ITEM INFORMATION (KOHA) |
| Withdrawn status [LOCAL, KOHA] |
0 |